000 nam a22 4500
999 _c8989
_d8989
008 180322b ||||| |||| 00| 0 eng d
100 _927059
_aMercurio, Richmond.
245 _aPhl expected to improve ease of doing business.
260 _aPhilippines:
_bThe Philippines Star,
_cc2017.
300 _apage B2.
650 0 _927060
_aBusiness.
942 _2ddc
_cPER